The Design of CMOS Radio Frequency Integrated Circuits (Record no. 14892)

MARC details
000 -LEADER
fixed length control field 00409nam a2200157Ia 4500
008 - FIXED-LENGTH DATA ELEMENTS--GENERAL INFORMATION
fixed length control field 221030s9999 xx 000 0 und d
020 ## - INTERNATIONAL STANDARD BOOK NUMBER
ISBN 0521613897
041 ## - LANGUAGE CODE
Language code of text/sound track or separate title
100 ## - MAIN ENTRY--AUTHOR NAME
Personal name T. H. Lee
245 #4 - TITLE STATEMENT
Title The Design of CMOS Radio Frequency Integrated Circuits
Statement of responsibility, etc by T. H. Lee
250 ## - EDITION STATEMENT
Edition statement 2nd
260 ## - PUBLICATION, DISTRIBUTION, ETC. (IMPRINT)
Name of publisher Cambridge University Press
Place of publication New Delhi
Year of publication 2012
300 ## - PHYSICAL DESCRIPTION
Number of Pages 797
650 ## - SUBJECT ADDED ENTRY--TOPICAL TERM
Topical Term ECE
942 ## - ADDED ENTRY ELEMENTS (KOHA)
Koha item type Books
Holdings
Accession Number Cost, normal purchase price Bill Date Source of acquisition Price effective from Koha item type Withdrawn / writtenoff status Materials specified (bound volume or other part) Damaged status Not for loan Permanent Location Current Location Shelving location Date acquired Lost/ Missing status department
BE 13275 695.00 10507 RKB 10/30/2022 Books   Print   Not For Loan MIET Library, Jammu MIET Library, Jammu BL-Academic Block B, FL-2, CUP-154, SH-1, R-1 03/01/2013   BE
BE 13276 695.00 10507 RKB 10/30/2022 Books   Print     MIET Library, Jammu MIET Library, Jammu BL-Academic Block C, FL-2, CUP-159, SH-5, R-5 03/01/2013   BE